IFM Opac

Intermediate Accounting (Record no. 12272)

MARC details
000 -LEADER
fixed length control field 00389nam a2200145 4500
020 ## - INTERNATIONAL STANDARD BOOK NUMBER
International Standard Book Number 9780470616307
082 ## - DEWEY DECIMAL CLASSIFICATION NUMBER
Classification number 657.04KIE
100 ## - MAIN ENTRY--PERSONAL NAME
Personal name Kiesi DonaldE.,.Weygandt Jerry J& WarfieldTerrt D.
245 ## - TITLE STATEMENT
Title Intermediate Accounting
260 ## - PUBLICATION, DISTRIBUTION, ETC.
Place of publication, distribution, etc. Hoboken
Name of publisher, distributor, etc. Wiley
Date of publication, distribution, etc. 2011
300 ## - PHYSICAL DESCRIPTION
Extent xviii,765p
Other physical details :ill.;28cm
500 ## - GENERAL NOTE
General note Include Index.
650 ## - SUBJECT ADDED ENTRY--TOPICAL TERM
Topical term or geographic name entry element Intermediate- Accounting.
942 ## - ADDED ENTRY ELEMENTS (KOHA)
Koha item type Books

No items available.